Élsport és... tömegsport
Elmentve itt :
| Szerző: | |
|---|---|
| Dokumentumtípus: | Cikk |
| Megjelent: |
1983
|
| Sorozat: | Szegedi Egyetem
21 No. 7 |
| Kulcsszavak: | Sport - egyetemi |
| Online Access: | http://univ.bibl.u-szeged.hu/15333 |
| LEADER | 00604nab a2200193 i 4500 | ||
|---|---|---|---|
| 001 | univ15333 | ||
| 005 | 20240624101258.0 | ||
| 008 | 240624s1983 hu o 000 hun d | ||
| 022 | |a 0230-791X | ||
| 040 | |a SZTE UnivHistória Repozitórium |b hun | ||
| 041 | |a hun | ||
| 100 | 1 | |a Mórocz Károly | |
| 245 | 1 | 0 | |a Élsport és... tömegsport |h [elektronikus dokumentum] / |c Mórocz Károly |
| 260 | |c 1983 | ||
| 300 | |a 8 | ||
| 490 | 0 | |a Szegedi Egyetem |v 21 No. 7 | |
| 561 | |a Egyetemi, hallgatói élet | ||
| 695 | |a Sport - egyetemi | ||
| 856 | 4 | 0 | |u http://univ.bibl.u-szeged.hu/15333/1/sze_1983_007_8.pdf |z Dokumentum-elérés |